Návrh opatrení na zlepšenie využitia internetového marketingu za účelom zvýšenia konkurencieschopnosti podniku Sylex, s.r.o.

Uložené v:
Podrobná bibliografia
Hlavný autor: Husovič, Rudolf (Autor)
Ďalší autori: Prajová, Vanessa (Vedúci práce)
Médium: Rukopis Kniha
Jazyk:Slovak
Vydavateľské údaje: 2015
Predmet:
On-line prístup:http://is.stuba.sk/zp/portal_zp.pl?podrobnosti=120967
Tagy: Pridať tag
Žiadne tagy, Buďte prvý, kto otaguje tento záznam!

MARC

LEADER 00000ntm a22000003a 4500
001 stuzp50022
003 SK-STU
005 20160719153434.2
007 ta
008 150427s2015----xo-----f-mn---000-0-slo-d
040 |a STU  |b slo 
041 0 |a slo 
100 1 |a Husovič, Rudolf  |u 064000  |4 aut  |U MTF Materiálovotechnologická fakulta  |T MTF Ústav priemyselného inžinierstva a manažmentu  |X 47014  |U M4000  |Y 84  |7 47014 
242 0 1 |a Proposal of measures for Sylex, s.r.o. to improve the use of internet marketing to increase the company's competitiveness  |y eng 
245 1 0 |a Návrh opatrení na zlepšenie využitia internetového marketingu za účelom zvýšenia konkurencieschopnosti podniku Sylex, s.r.o. 
260 |c 2015 
650 4 |a marketing  |2 slo 
650 4 |a konkurencieschopnosť  |2 slo 
650 4 |a internet  |2 slo 
650 4 |a Competitiveness  |2 eng 
650 4 |a Marketing  |2 eng 
650 4 |a The Internet  |2 eng 
700 1 |a Prajová, Vanessa  |4 ths  |X 47651  |7 A000047651 
856 4 |u http://is.stuba.sk/zp/portal_zp.pl?podrobnosti=120967 
996 |c M* BP-7249  |l MMSKP  |s P  |a 0  |w stuzp50022_0001 
SQL |a stuzp50022  |b DBP  |c SLO  |d Návrh opatrení na zlepšenie využitia internetového marketingu za účelom zvýšenia konkurencieschopnosti podniku Sylex, s.r.o.  |e 47014  |f Husovič, Rudolf  |g 064000  |h 47651  |i Prajová, Vanessa  |j 20150624  |k 175  |l 06  |m http://is.stuba.sk/zp/portal_zp.pl?podrobnosti=120967  |n B-PMA  |o 5.2.52. priemyselné inžinierstvo